A serious and friendly address to the non-conformists beginning with the Anabaptists, or, An addition to the perswasive to peace and unity /

Bibliographic Details
Main Author: Allen, William, -1686
Format: Microform Book
Language:English
Published: London : Tho. Warren, 1693.
Series:Early English books, 1641-1700 ; 1194:8.
Subjects:

MARC

Tag First Indicator Second Indicator Subfields
LEADER 00000cam a22000001a 4500
001 in00000952621
005 20150926131647.0
007 hd bfu|||bubu
008 880108s1693 miu a 00010 eng d
010 |a nuc87316719  
035 |a (OCoLC)07869556 
035 |9 AET7735AM 
037 |a CL0037000040  |b University Microfilms Interntional 
040 |a UnM  |c RQM  |d UMI  |d EAA  |d UtOrBLW 
049 |a TXAI 
090 |a BX4815  |b .A55 
099 |a film   |a  B   |a  3609 
100 1 |a Allen, William,  |d -1686. 
245 1 2 |a A serious and friendly address to the non-conformists beginning with the Anabaptists, or, An addition to the perswasive to peace and unity /  |c by W.A. 
264 1 |a London :  |b Tho. Warren,  |c 1693. 
300 |a 12 unnumbered pages, 160 pages 
336 |a text  |b txt  |2 rdacontent 
337 |a microform  |b h  |2 rdamedia 
338 |a microfilm reel  |b hd  |2 rdacarrier 
500 |a Master microform held by: UnM. 
500 |a Reproduction of original in the Union Theological Seminary Library, New York. 
510 4 |a Wing  |c A1073 
533 |a Microfilm.  |b Ann Arbor, Mich. :  |c University Microfilms International,  |d 1981.  |e 1 microfilm reel ; 35 mm.  |f (Early English books, 1641-1700 ; 1194:8) 
500 |a Microform. 
650 0 |a Protestant churches  |x Controversial literature. 
650 0 |a Dissenters, Religious. 
740 0 |a Addition to the perswasive to peace and unity  |h [microform] 
830 0 |a Early English books, 1641-1700 ;  |v 1194:8. 
999 |a MARS 
999 f f |s 54b9be8b-103b-34b0-9563-1860b6503e72  |i 5d74e0aa-cfab-37ee-acca-e892ce6b20ab  |t 0 
952 f f |p default  |a Texas A&M University  |b College Station  |c Sterling C. Evans Library  |d Evans: Microforms (3rd floor)  |t 0  |e film B 3609 1194:8  |h Other scheme  |i microform -- microfilm reel 
998 f f |a film B 3609 1194:8  |t 0  |l Evans: Microforms (3rd floor)